| 000 | 00420cam a2200157 a 4500 | ||
|---|---|---|---|
| 020 | _a0078817811 | ||
| 040 | _cDLC | ||
| 082 | 0 | 0 | _a652 OSB 1992 A012 Or. |
| 100 | 1 | _aJamsa, Kris, | |
| 245 | 1 | 0 | _aSimply WordPerfect for Windows / |
| 260 |
_aBerkeley, Calif. : _bOsborne McGraw-Hill, _cc1992. |
||
| 300 |
_a193 p. : _bill. (some col.) ; _c23 cm. |
||
| 500 | _aIncludes index. | ||
| 650 | 0 | _aWord processing. | |
| 942 | _cEK | ||
| 999 |
_c13889 _d13889 |
||